Histoire littéraire du Midi de la France / (Record no. 156875)

MARC details
000 -LEADER
campo de control de longitud fija 00661nam a22001815i 4500
001 - NÚMERO DE CONTROL
campo de control 156875
003 - IDENTIFICADOR DE NÚMERO DE CONTROL
campo de control ES-MaACL
005 - FECHA Y HORA DE LA ÚLTIMA TRANSACCIÓN
campo de control 20250718063328.0
008 - DATOS DE LONGITUD FIJA--INFORMACIÓN GENERAL
campo de control de longitud fija 040805s1882 fr |||| | fre d
040 ## - FUENTE DE CATALOGACIÓN
Centro catalogador/agencia de origen CAM
Lengua de catalogación spa
Centro/agencia transcriptor CAM
100 1# - ENTRADA PRINCIPAL--NOMBRE DE PERSONA
Nombre de persona Lafon, Mary,
Fechas asociadas al nombre 1812-1884
9 (RLIN) 128583
245 10 - MENCIÓN DEL TÍTULO
Título Histoire littéraire du Midi de la France /
Mención de responsabilidad, etc. par Mary Lafon.
260 ## - PUBLICACIÓN, DISTRIBUCIÓN, ETC.
Lugar de publicación, distribución, etc. Paris :
Nombre del editor, distribuidor, etc. C. Reinwald libraire-éditeur,
Fecha de publicación, distribución, etc. 1882 (
Lugar de fabricación/manufactura Toulouse :
Fabricante imprimerie Douladoure-Privat)
300 ## - DESCRIPCIÓN FÍSICA
Extensión XIII, 421 p. ;
Dimensiones 22 cm.
650 #4 - PUNTO DE ACCESO ADICIONAL DE MATERIA--TÉRMINO DE MATERIA
Término de materia o nombre geográfico como elemento de entrada Literatura francesa-
Subdivisión general Historia.
9 (RLIN) 222687
852 ## - LOCALIZACIÓN
Ubicación ES-MaACL
Número de control de estantería F-4029
Nota libre -- Enc. hol. conservando la cub. original
Holdings
Estatus retirado Estado de pérdida Estado de daño No para préstamo Colección Biblioteca de origen Biblioteca actual Ubicación en estantería Fecha de adquisición Fuente de adquisición Total de préstamos Signatura topográfica completa Código de barras Visto por última vez Precio de reemplazo Tipo de ítem Koha
        Libros del s. XIX Biblioteca del Ateneo de Madrid Biblioteca del Ateneo de Madrid Depósito 2 17/01/2008     F-4029 1164130 23/02/2023 23/02/2023 Libro impreso antiguo